Методы исследования структуры и свойств керамических материалов: учебное пособие
| Ente Autore: | |
|---|---|
| Altri autori: | , , , , |
| Riassunto: | Заглавие с титульного экрана Электронная версия печатной публикации Режим доступа: из корпоративной сети ТПУ |
| Lingua: | russo |
| Pubblicazione: |
Томск, Изд-во ТПУ, 2013
|
| Soggetti: | |
| Accesso online: | http://www.lib.tpu.ru/fulltext2/m/2014/m208.pdf |
| Natura: | MixedMaterials Elettronico Libro |
| KOHA link: | https://koha.lib.tpu.ru/cgi-bin/koha/opac-detail.pl?biblionumber=264452 |
MARC
| LEADER | 00000nlm0a2200000 4500 | ||
|---|---|---|---|
| 001 | 264452 | ||
| 005 | 20251126112901.0 | ||
| 035 | |a (RuTPU)RU\TPU\book\287444 | ||
| 090 | |a 264452 | ||
| 100 | |a 20140619d2013 m y0rusy50 ca | ||
| 101 | 0 | |a rus | |
| 102 | |a RU | ||
| 105 | |a a j 001zy | ||
| 135 | |a drcn ---uucaa | ||
| 181 | 0 | |a i | |
| 182 | 0 | |a b | |
| 200 | 1 | |a Методы исследования структуры и свойств керамических материалов |e учебное пособие |f И. А. Божко, Ю. Ф. Иванов, А. А. Качаев [и др.] |g Национальный исследовательский Томский политехнический университет (ТПУ) | |
| 203 | |a Текст |c электронный | ||
| 210 | |a Томск |c Изд-во ТПУ |d 2013 | ||
| 300 | |a Заглавие с титульного экрана | ||
| 300 | |a Электронная версия печатной публикации | ||
| 333 | |a Режим доступа: из корпоративной сети ТПУ | ||
| 606 | 1 | |a Керамические материалы |x Физико-химические свойства |2 stltpush |3 (RuTPU)RU\TPU\subj\34781 |9 56650 | |
| 610 | 1 | |a электронный ресурс | |
| 610 | 1 | |a учебные пособия | |
| 610 | 1 | |a труды учёных ТПУ | |
| 610 | 1 | |a электронная микроскопия | |
| 610 | 1 | |a рентгеноструктурные исследования | |
| 610 | 1 | |a дилатометрия | |
| 610 | 1 | |a механические свойства | |
| 675 | |a 666.3(075.8) |v 3 | ||
| 701 | 1 | |a Божко |b И. А. |c физик |c доцент Томского политехнического университета, кандидат физико-математических наук |f 1980- |g Ирина Александровна |3 (RuTPU)RU\TPU\pers\30662 |9 14943 | |
| 701 | 1 | |a Иванов |b Ю. Ф. |c российский ученый, специалист в области наноматериалов и нанотехнологий |c профессор Томского политехнического университета, доктор физико-математических наук |c ведущий научный сотрудник Института сильноточной электроники СО РАН |f 1955- |g Юрий Федорович |3 (RuTPU)RU\TPU\pers\28208 | |
| 701 | 1 | |a Качаев |b А. А. |c химик-технолог |c инженер Томского политехнического университета |f 1982- |g Артем Алексеевич |3 (RuTPU)RU\TPU\pers\26839 | |
| 701 | 1 | |a Вайтулевич |b Е. А. |c химик |c доцент Томского политехнического университета, кандидат химических наук |f 1967- |g Елена Анатольевна |3 (RuTPU)RU\TPU\pers\30030 |9 14464 | |
| 701 | 1 | |a Лямина |b Г. В. |c химик |c доцент Томского политехнического университета, кандидат химических наук |f 1974- |g Галина Владимировна |3 (RuTPU)RU\TPU\pers\30335 |9 14680 | |
| 712 | 0 | 2 | |a Национальный исследовательский Томский политехнический университет |c (2009- ) |9 26305 |
| 801 | 1 | |a RU |b 63413507 |c 20140619 | |
| 801 | 2 | |a RU |b 63413507 |c 20201102 |g RCR | |
| 856 | 4 | |u http://www.lib.tpu.ru/fulltext2/m/2014/m208.pdf | |
| 942 | |c CF | ||